|
|
|
|
| LEADER |
00000nbm0a2200000 4500 |
| 001 |
176701 |
| 005 |
20231031165352.0 |
| 035 |
|
|
|a (RuTPU)RU\TPU\book\191593
|
| 090 |
|
|
|a 176701
|
| 100 |
|
|
|a 20100303d1972 k y0rusy50 ca
|
| 101 |
0 |
|
|a rus
|
| 102 |
|
|
|a RU
|
| 105 |
|
|
|a a p 001zy
|
| 200 |
1 |
|
|a Влияние электронного облучения на электропроводность полимерных диэлектриков с различной энергией диссоциации мономерного звена
|e Отчет о НИР
|f Томский политехнический институт (ТПИ) ; руководитель Е. К. Завадовская, А. П. Арьянов ; О. Г. Казаков
|
| 210 |
|
|
|a Томск
|d 1972
|
| 215 |
|
|
|a 159 л.
|
| 320 |
|
|
|a Библиогр.: с. 152-159.
|
| 610 |
1 |
|
|a отчеты о НИР
|
| 610 |
1 |
|
|a электронное облучение
|
| 610 |
1 |
|
|a электропроводность
|
| 610 |
1 |
|
|a полимерные диэлектрики
|
| 610 |
1 |
|
|a диссоциация
|
| 610 |
1 |
|
|a электрические характеристики
|
| 675 |
|
|
|a 621.315.616(04)
|v 3
|
| 702 |
|
1 |
|a Завадовская
|b Е. К.
|c российский физик
|c профессор кафедры физики твердого тела Томского политехнического института
|f 1913-2004
|g Екатерина Константиновна
|2 stltpush
|3 (RuTPU)RU\TPU\pers\19787
|4 673
|
| 702 |
|
1 |
|a Арьянов
|b А. П.
|4 673
|
| 702 |
|
1 |
|a Казаков
|b О. Г.
|4 677
|
| 712 |
0 |
2 |
|a Томский политехнический институт (ТПИ)
|c (1944-1991)
|2 stltpush
|3 (RuTPU)RU\TPU\col\1123
|4 595
|
| 801 |
|
1 |
|a RU
|b 63413507
|c 20100303
|
| 942 |
|
|
|c BK
|